[Event "AUTO-INT-3920"]
[Site "http://www.queenalice.com/game.php?id=1853256"]
[Date "2025.3.4"]
[Round "1"]
[White "renet54"]
[Black "johnew"]
[Result "0-1"]
[WhiteElo "1568"]
[BlackElo "1637"]

1. d4 Nf6 2. c4 e6 3. Nf3 Bb4+ 4. Bd2 Be7 5. Nc3 O-O 6. e4 d5 7. cxd5 exd5 8. e5
Ne4 9. Nxe4 dxe4 10. Ng1 Nc6 11. Qc2 Nxd4 12. Qxe4 Bf5 13. Qf4 Nc2+ 14. Kd1 Nxa1
15. Qxf5 Bb4 16. Bd3 g6 17. Qh3 Bxd2 18. Kxd2 Qd4 19. Nf3 Qxb2+ 20. Ke3 Nc2+ 21.
Bxc2 Qxc2 22. Ng5 h5 23. g4 Rad8 24. Qh4 Qd3+ 25. Kf4 Rd4+ 0-1

[Event "AUTO-INT-3920"]
[Site "http://www.queenalice.com/game.php?id=1853257"]
[Date "2025.3.4"]
[Round "1"]
[White "johnew"]
[Black "renet54"]
[Result "1-0"]
[WhiteElo "1650"]
[BlackElo "1555"]

1. e4 e5 2. Nf3 Nc6 3. Bb5 a6 4. Ba4 Nf6 5. Qe2 Bc5 6. c3 O-O 7. O-O d6 8. d3
Bg4 9. Bg5 b5 10. Bc2 b4 11. Nbd2 bxc3 12. bxc3 h6 13. Bh4 Ne7 14. Bxf6 gxf6 15.
h3 Bxh3 16. gxh3 Qd7 17. Kh2 Ng6 18. Rg1 Kh7 19. Rg3 Nf4 20. Qf1 d5 21. exd5 Bd6
22. Ne4 Nh5 23. Rg1 Nf4 24. Nxf6+ Kh8 25. Nxd7 e4 26. dxe4 Ne2+ 27. e5 Nxg1 28.
Nxg1 Rfd8 29. Qd3 Rxd7 30. Qh7# 1-0

[Event "AUTO-INT-3920"]
[Site "http://www.queenalice.com/game.php?id=1853280"]
[Date "2025.3.4"]
[Round "1"]
[White "johnew"]
[Black "game"]
[Result "1-0"]
[WhiteElo "1589"]
[BlackElo "1539"]

1. e4 d6 2. d4 e5 3. dxe5 Nc6 4. exd6 Bxd6 5. Nf3 Ne5 6. Nxe5 Bxe5 7. Qxd8+ Kxd8
8. Bc4 Be6 9. Bxe6 fxe6 10. c3 Nf6 11. f4 Bxf4 12. Bxf4 Nxe4 13. Nd2 e5 14. Bxe5
Re8 15. Nxe4 Rxe5 16. O-O-O+ Ke7 17. Rhe1 Re8 18. Nc5 Kf6 19. Nd7+ Kf7 20. Rxe5
Rxe5 21. Nxe5+ Ke6 22. Nf3 Kf5 23. Rd7 g5 24. Rd5+ Kf4 25. Nxg5 Ke3 26. Rd4 Kf2
27. Kd2 h5 28. Rf4+ Kxg2 29. Ke2 a5 30. Rf2+ Kg1 31. Kf3 c5 32. Nh3+ Kh1 33. Rg2
h4 34. Nf2# 1-0

[Event "AUTO-INT-3920"]
[Site "http://www.queenalice.com/game.php?id=1853281"]
[Date "2025.3.4"]
[Round "1"]
[White "game"]
[Black "johnew"]
[Result "0-1"]
[WhiteElo "1554"]
[BlackElo "1574"]

1. e4 c5 2. Bc4 e6 3. d3 Nc6 4. Qf3 Nf6 5. Bf4 Be7 6. Nc3 a6 7. Qg3 Nh5 8. Qf3
Nxf4 9. Qxf4 O-O 10. e5 d6 11. Nf3 dxe5 12. Nxe5 Qc7 13. d4 cxd4 14. Qe4 Qxe5
15. Qxe5 Nxe5 16. f4 Nxc4 17. O-O-O dxc3 18. bxc3 b5 19. Rde1 Bb7 20. f5 Bg5+
21. Kb1 Bxg2 22. Rhg1 Bd2 23. Re2 Bf3 24. Rf2 Be3 25. f6 Bxf2 26. Rxg7+ Kh8 27.
Kc1 Rad8 0-1

[Event "AUTO-OPEN-4580"]
[Site "http://www.queenalice.com/game.php?id=1853414"]
[Date "2025.3.7"]
[Round "1"]
[White "CCapivara"]
[Black "johnew"]
[Result "0-1"]
[WhiteElo "2237"]
[BlackElo "1667"]

1. e4 c5 2. Nf3 Nc6 3. d4 cxd4 4. Nxd4 e5 5. Nb5 d6 6. N1c3 a6 7. Na3 Nf6 8. Bg5
b5 9. Nd5 Be7 10. Bxf6 Bxf6 11. c3 O-O 12. Nc2 Bg5 13. h4 Bh6 14. g4 Bf4 15. Qf3
Be6 16. Nce3 Bxe3 17. Nxe3 b4 18. Nf5 d5 19. O-O-O d4 20. cxd4 Bxa2 21. b3 Qa5
22. Bc4 Qa3+ 23. Kc2 Na5 24. Bd5 Nxb3 25. Qe3 Rac8+ 26. Kd3 Rc3+ 0-1

[Event "AUTO-OPEN-4580"]
[Site "http://www.queenalice.com/game.php?id=1853415"]
[Date "2025.3.7"]
[Round "1"]
[White "johnew"]
[Black "CCapivara"]
[Result "1/2-1/2"]
[WhiteElo "1911"]
[BlackElo "2218"]

1. e4 c5 2. Nf3 Nc6 3. Bb5 Nd4 4. Nxd4 cxd4 5. O-O a6 6. Bc4 e6 7. a4 Nf6 8. d3
d5 9. exd5 Nxd5 10. a5 Bb4 11. Bd2 Bxd2 12. Nxd2 O-O 13. Qf3 Nb4 14. Bb3 Nc6 15.
Nc4 e5 16. Rfe1 Qc7 17. h3 Be6 18. Nb6 Rae8 19. Bxe6 Rxe6 20. Nc4 Rfe8 21. Re4
g6 22. g4 Kg7 23. Qg3 f6 24. Rae1 g5 25. h4 h6 26. hxg5 hxg5 27. Kg2 Rh8 28. Rh1
Ree8 29. Rxh8 Rxh8 30. b4 Nxb4 31. Rxd4 Nxc2 32. Re4 Qc6 33. Qf3 Rd8 34. Kg3 Nb4
35. Nxe5 fxe5 36. Rxb4 Qxf3+ 37. Kxf3 Rxd3+ 38. Ke4 Rd7 39. Kxe5 Rf7 40. Rb2 Kg6
1/2-1/2

[Event "AUTO-ADV-4851"]
[Site "http://www.queenalice.com/game.php?id=1853626"]
[Date "2025.3.10"]
[Round "1"]
[White "johnew"]
[Black "Canaye14"]
[Result "1-0"]
[WhiteElo "1794"]
[BlackElo "1906"]

1. e4 e6 2. d4 d5 3. Nd2 dxe4 4. Nxe4 Nd7 5. Bd3 Ngf6 6. Qe2 Nxe4 7. Bxe4 c5 8.
Nf3 Be7 9. c3 Qb6 10. O-O Nf6 11. Bd3 h6 12. Re1 Bd7 13. h3 Rc8 14. Bf4 O-O 15.
Be5 Nd5 16. Qe4 f5 17. Qe2 Bd6 18. Nh4 Bxe5 19. Qxe5 Nf6 20. d5 exd5 21. Bxf5
Rce8 22. Qg3 Rxe1+ 23. Rxe1 Bxf5 24. Nxf5 Rf7 25. Nxh6+ Kf8 26. Qb8+ 1-0

[Event "AUTO-ADV-4851"]
[Site "http://www.queenalice.com/game.php?id=1853627"]
[Date "2025.3.10"]
[Round "1"]
[White "Canaye14"]
[Black "johnew"]
[Result "0-1"]
[WhiteElo "1923"]
[BlackElo "1725"]

1. d4 d5 2. Bf4 Nf6 3. Nf3 c5 4. c3 e6 5. e3 Bd6 6. Bg3 O-O 7. Bd3 Qc7 8. Nbd2
Nbd7 9. dxc5 Nxc5 10. Bc2 e5 11. Ng5 e4 12. Bxd6 Qxd6 13. h4 Qe5 14. Qe2 a6 15.
O-O-O b5 16. f4 Qc7 17. h5 Bg4 18. Qf2 Bxd1 19. Kxd1 h6 20. Nh3 b4 21. cxb4 Nd3
22. Bxd3 exd3 23. Nb3 Ne4 24. Qf3 Qc2+ 25. Ke1 d2+ 26. Nxd2 Qxd2+ 27. Kf1 Rac8
28. Nf2 Rc1+ 29. Nd1 Rxd1+ 0-1

[Event "AUTO-ADV-4851"]
[Site "http://www.queenalice.com/game.php?id=1853628"]
[Date "2025.3.10"]
[Round "1"]
[White "johnew"]
[Black "kuntakinte"]
[Result "1-0"]
[WhiteElo "1855"]
[BlackElo "1841"]

1. e4 e5 2. Nf3 d6 3. d4 Nd7 4. dxe5 Nxe5 5. Nxe5 dxe5 6. Qxd8+ Kxd8 7. Bc4 f6
8. Be3 Bd7 9. O-O c6 10. Rd1 Kc7 11. Nd2 b6 12. a3 Rd8 13. Nb3 Ne7 14. a4 Rb8
15. a5 b5 16. Nc5 Rd8 17. Be6 Bc8 18. Bxc8 Rxc8 19. Rd7+ Kb8 20. Na6+ 1-0

[Event "AUTO-ADV-4851"]
[Site "http://www.queenalice.com/game.php?id=1853630"]
[Date "2025.3.10"]
[Round "1"]
[White "johnew"]
[Black "Quique68"]
[Result "1-0"]
[WhiteElo "1891"]
[BlackElo "1980"]

1. e4 g6 2. d4 Bg7 3. Nf3 d6 4. Bc4 e6 5. O-O Ne7 6. Nc3 O-O 7. Bg5 h6 8. Bh4
Nd7 9. Re1 b6 10. Nb5 Re8 11. h3 a6 12. Nc3 Bb7 13. a4 Qc8 14. Bb3 Qb8 15. Qd2
Kh7 16. Rad1 Nf6 17. e5 dxe5 18. dxe5 Neg8 19. exf6 1-0

[Event "AUTO-ADV-4851"]
[Site "http://www.queenalice.com/game.php?id=1853631"]
[Date "2025.3.10"]
[Round "1"]
[White "Quique68"]
[Black "johnew"]
[Result "0-1"]
[WhiteElo "1991"]
[BlackElo "1870"]

1. d4 d5 2. c4 e6 3. Nc3 Nf6 4. Bg5 Be7 5. e3 O-O 6. Nf3 c5 7. Rc1 cxd4 8. Nxd4
Nc6 9. Nf3 Qb6 10. Qc2 d4 11. Nb5 e5 12. exd4 exd4 13. Bxf6 Bxf6 14. c5 Re8+ 15.
Kd1 Qa5 16. a3 Bg4 17. Qb3 a6 18. Nd6 Re1+ 0-1

[Event "AUTO-INT-3922"]
[Site "http://www.queenalice.com/game.php?id=1853671"]
[Date "2025.3.10"]
[Round "1"]
[White "profeta"]
[Black "johnew"]
[Result "0-1"]
[WhiteElo "1636"]
[BlackElo "1923"]

1. e4 e5 2. Nf3 Nc6 3. Nc3 Nf6 4. a3 Bc5 5. h3 O-O 6. Bc4 d6 7. d3 h6 8. Nh4
Nxe4 9. Nxe4 Qxh4 10. g3 Qe7 11. Be3 Bxe3 12. fxe3 Be6 13. Bxe6 Qxe6 14. Nc3 f5
15. Nb5 Qd5 16. Nxc7 Qxh1+ 17. Kd2 Qxd1+ 18. Rxd1 Rac8 19. Nd5 g5 20. g4 Kg7 21.
b4 fxg4 22. hxg4 Rf2+ 23. Kc1 b5 24. c4 a6 25. cxb5 Nxb4+ 26. Kb1 Nxd5 27. bxa6
Nc3+ 28. Kc1 Nb5+ 29. Kb1 Nxa3+ 30. Ka1 Rcc2 31. a7 Ra2# 0-1

[Event "AUTO-INT-3922"]
[Site "http://www.queenalice.com/game.php?id=1853685"]
[Date "2025.3.10"]
[Round "1"]
[White "Rocio"]
[Black "johnew"]
[Result "0-1"]
[WhiteElo "1503"]
[BlackElo "1700"]

1. e4 c5 2. Bc4 Nc6 3. d3 e6 4. Nf3 Nf6 5. Nc3 d5 6. exd5 exd5 7. Bb5 Be7 8. Be3
d4 9. Bxc6+ bxc6 10. Na4 dxe3 11. fxe3 O-O 12. Nh4 Ng4 13. Qf3 Bxh4+ 14. g3 Nxe3
15. Qxe3 Re8 16. Kd2 Bg5 17. Qxg5 Qxg5+ 18. Kc3 c4 19. Kxc4 Ba6+ 20. Kc3 Qa5+
21. Kb3 Rab8+ 22. Ka3 Qb4# 0-1

[Event "AUTO-INT-3922"]
[Site "http://www.queenalice.com/game.php?id=1853686"]
[Date "2025.3.10"]
[Round "1"]
[White "johnew"]
[Black "Rocio"]
[Result "1-0"]
[WhiteElo "1777"]
[BlackElo "1495"]

1. e4 e5 2. Nf3 Nc6 3. Bb5 Na5 4. Nxe5 a6 5. Be2 Qe7 6. d4 h6 7. Nc3 d6 8. Nf3
Bg4 9. O-O Nf6 10. h3 Be6 11. d5 Bd7 12. b4 Bb5 13. bxa5 Bd7 14. Rb1 Rb8 15.
Bxa6 Bc8 16. Bb5+ c6 17. dxc6 bxc6 18. Bxc6+ Bd7 19. Rxb8+ Qd8 20. Rxd8+ Kxd8
21. Bxd7 Kxd7 22. a6 Be7 23. Qd4 Rc8 24. a7 Ra8 25. Nd5 Ke6 26. Nc7+ Kd7 27.
Nxa8 Bd8 28. Nb6+ Ke8 29. a8=Q g5 30. Qxf6 g4 31. Qaxd8# 1-0

[Event "AUTO-OPEN-4581"]
[Site "http://www.queenalice.com/game.php?id=1853758"]
[Date "2025.3.12"]
[Round "1"]
[White "johnew"]
[Black "SGF"]
[Result "1-0"]
[WhiteElo "1708"]
[BlackElo "1729"]

1. e4 e5 2. Nf3 Qf6 3. Nc3 c6 4. d4 d6 5. Bg5 Qg6 6. dxe5 Be7 7. Bxe7 Kxe7 8.
exd6+ Qxd6 9. Qxd6+ Kxd6 10. O-O-O+ Kc7 11. Bc4 f6 12. Nd4 b5 13. Be2 Na6 14.
Nb3 h5 15. f4 b4 16. Na4 Ne7 17. Nac5 Nxc5 18. Nxc5 a5 19. Bc4 Bg4 20. Rd2 Rhd8
21. h3 Rxd2 22. Kxd2 Kb6 23. Na4+ Kc7 24. hxg4 hxg4 25. Rh7 Rd8+ 26. Ke3 Rd7 27.
Nc5 Rd1 28. Rxg7 Kd6 29. Nd3 f5 30. e5+ Kd7 31. Nc5+ Ke8 32. Rh7 Ng6 33. Bf7+
Kf8 34. Bxg6 Rg1 35. e6 Rxg2 36. e7+ Kg8 37. e8=Q# 1-0

[Event "AUTO-OPEN-4581"]
[Site "http://www.queenalice.com/game.php?id=1853759"]
[Date "2025.3.12"]
[Round "1"]
[White "SGF"]
[Black "johnew"]
[Result "0-1"]
[WhiteElo "1689"]
[BlackElo "1782"]

1. e4 c5 2. Bc4 Nc6 3. Qf3 Nf6 4. c3 d6 5. h3 g6 6. g4 Ne5 7. Qe2 Nxc4 8. Qxc4
a6 9. f3 b5 10. Qd3 Bg7 11. a3 Bb7 12. Ne2 d5 13. e5 Nd7 14. f4 e6 15. b4 Qc7
16. h4 Rd8 17. h5 d4 18. Rh2 Bxe5 19. fxe5 Nxe5 20. Qg3 Nf3+ 21. Kf2 Qxg3+ 22.
Kxg3 Nxh2 23. Kxh2 d3 24. Nf4 c4 25. a4 e5 26. Ng2 Bxg2 27. Kxg2 gxh5 28. axb5
axb5 29. Ra5 Rg8 30. Kg3 Rxg4+ 31. Kh3 Rg1 32. Rxb5 f6 33. Rc5 Rxc1 34. Na3 Rxc3
35. Nxc4 Rc2 36. Kg3 h4+ 37. Kxh4 Rd4+ 38. Kg3 Rcxc4 39. Rxc4 Rxc4 40. b5 Rc2
41. b6 Rxd2 42. b7 Rb2 43. Kf3 e4+ 44. Ke3 f5 45. Kf4 d2 46. Kxf5 d1=Q 47. Kxe4
Re2+ 48. Kf3 Qf1+ 49. Kg4 Rg2+ 50. Kh3 Qh1# 0-1